00261nam a2200109Ia 4500008004100000082001500041100001600056245003200072260002300104300000800127650001600135191201s2005 xx 000 0 und d a502.8bDRH aDROMEY, R G 0aHow to Solve it By Computer aN.DelhibPHIc2005 a442 aB.Tech(CSE)